000 00366 a2200073 4500
999 _c1019
_d1019
003 WA 310
005 20190412123106.0
008 190412b xxu||||| |||| 00| 0 pol d
040 _cWA 310
245 0 _aZagadnienia prawne telekomunikacji w Europie :
_bPropozycja rozwiązań prawnych w zakresie kompatybilności elektromagnatycznej.
_n5.
260 _aWarszawa :
_bPAR - Zarząd Krajowy,
_c1998.
300 _a43 s.;
_c21 cm.
710 2 _aPaństwowa Agencja Radiokomunikacji - Zarząd Krajowy.
_eWydawca
_4pbl
942 _2ddc
_cBK